000 00600nam a22001937a 4500
999 _c1926
_d1926
005 20201007115021.0
008 201007b ||||| |||| 00| 0 eng d
040 _cKABLIB
082 _223
_a618.1
_bNOV
100 _aNovak,Edmund R
_95341
245 _aNovaks Textbook of Gynecology /
_cEdmund R.Novak ,Georgeanna Seegar Jones
250 _a6th ed.:
260 _aBaltimore:
_bThe Williams &Wilkins Company ,
_cc1961.
300 _ax,842p.:ill.(B&W) ;
_c24cm.
500 _aincludes:index (p.819-842)
650 _aGynecology
_95342
700 _aJones,Georgeanna Seegar
_95343
942 _2ddc
_cBOOK